| 000 | 01338nam a22002297a 4500 | ||
|---|---|---|---|
| 999 |
_c62432 _d62432 |
||
| 003 | Ge_BSU | ||
| 005 | 20241031153315.0 | ||
| 008 | 241031s2023 ge ||||| |||| 00| 0 geo d | ||
| 020 | _a9789941315862 | ||
| 041 | _ageo | ||
| 080 | _a06.068:821 კ-87 | ||
| 100 |
_aკუდავა, კახმეგ _93271 |
||
| 245 |
_aნობელის პრემიის ლაურეატები ლიტერატურაში, 1901-2022 : _bშემოქმედებითი ბიოგრაფიები / _cშემდგენელ-რედაქტორი კახმეგ კუდავა; გარეკანის დიზაინერი თეონა ჭანიშვილი. |
||
| 264 |
_aთბილისი : _bინტელექტი, _c2023. |
||
| 300 |
_a832 გვ. ; _b25 სმ. |
||
| 500 | _aანბანური საძიებელი: გვ. 821-822. | ||
| 504 | _aბიბლიოგრაფია: გვ. 823-827. | ||
| 653 | _aნობელის პრემიის ლაურეატები | ||
| 653 | _aშემოქმედებითი ბიოგრაფიები | ||
| 700 |
_aჭანიშვილი, თეონა _eგარეკანის დიზაინერი _96381 |
||
| 942 |
_2udc _cᲬᲘᲒᲜᲘ |
||